000 00359nam a2200145Ia 4500
008 231217s9999 xx 000 0 und d
041 _aEnglish
082 _a658.076 KAP;1 R
100 _aKaplan
245 0 _aTest prep and admissions GMAT : premier program
260 _c2006
_bSimon
_aNew York
300 _axiv+390
300 _cCD2256
942 _cAA
999 _c175965
_d175965